Aircraft of world war 3 (Record no. 125462)
[ view plain ]
| 000 -LEADER | |
|---|---|
| fixed length control field | 00572nam a22001817a 4500 |
| 005 - DATE AND TIME OF LATEST TRANSACTION | |
| control field | 20161007113920.0 |
| 008 - FIXED-LENGTH DATA ELEMENTS--GENERAL INFORMATION | |
| fixed length control field | 161007b xxu||||| |||| 00| 0 eng d |
| 050 ## - LIBRARY OF CONGRESS CALL NUMBER | |
| Classification number | L UG1240.R6 1983 |
| 100 ## - MAIN ENTRY--PERSONAL NAME | |
| Personal name | Robson, Antony |
| 9 (RLIN) | 26584 |
| 245 ## - TITLE STATEMENT | |
| Title | Aircraft of world war 3 |
| Statement of responsibility, etc | by Robson, Antony |
| 260 ## - PUBLICATION, DISTRIBUTION, ETC. (IMPRINT) | |
| Place of publication, distribution, etc | Greenwich |
| Name of publisher, distributor, etc | Bison Books |
| Date of publication, distribution, etc | 1983 |
| 300 ## - PHYSICAL DESCRIPTION | |
| Extent | 190p.; |
| Dimensions | 29cm. |
| 650 ## - SUBJECT ADDED ENTRY--TOPICAL TERM | |
| Topical term or geographic name as entry element | Northern Atlantic Treaty Organization |
| 9 (RLIN) | 26585 |
| 650 ## - SUBJECT ADDED ENTRY--TOPICAL TERM | |
| Topical term or geographic name as entry element | Warsaw Treaty Organisation |
| 9 (RLIN) | 26586 |
| 650 ## - SUBJECT ADDED ENTRY--TOPICAL TERM | |
| Topical term or geographic name as entry element | Airplanes, Military |
| 9 (RLIN) | 26587 |
| 650 ## - SUBJECT ADDED ENTRY--TOPICAL TERM | |
| Topical term or geographic name as entry element | World War 3 |
| 9 (RLIN) | 26588 |
| 942 ## - ADDED ENTRY ELEMENTS (KOHA) | |
| Source of classification or shelving scheme | Library of Congress Classification |
| Item type | Monograph ( Printed materials) |
| Withdrawn status | Lost status | Source of classification or shelving scheme | Damaged status | Not for loan | Collection code | Home library | Current library | Shelving location | Date acquired | Total Checkouts | Full call number | Barcode | Date last seen | Price effective from | Koha item type |
|---|---|---|---|---|---|---|---|---|---|---|---|---|---|---|---|
| Library of Congress Classification | Main Collection | ARRUPE LIBRARY | ARRUPE LIBRARY | Main Collection | 07/10/2016 | L UG1240.R6 1983 | 46500020830 | 07/10/2016 | 07/10/2016 | Monograph ( Printed materials) |